General rate poundages and products (England and Wales) 1981/82 (Record no. 90538)

MARC details
000 -LEADER
fixed length control field 00492cam a2200181 4500
001 - CONTROL NUMBER
control field J28
008 - FIXED-LENGTH DATA ELEMENTS--GENERAL INFORMATION
fixed length control field 090401t1981 xxu||||| |||| 00| 0 eng d
035 ## - SYSTEM CONTROL NUMBER
System control number (Sirsi) u37736
041 ## - LANGUAGE CODE
Language code of text/sound track or separate title eng
050 ## - LIBRARY OF CONGRESS CALL NUMBER
Classification number 336.210212
110 ## - MAIN ENTRY--CORPORATE NAME
Corporate name or jurisdiction name as entry element Rating and Valuation Association
9 (RLIN) 1873
245 ## - TITLE STATEMENT
Title General rate poundages and products (England and Wales) 1981/82
260 ## - PUBLICATION, DISTRIBUTION, ETC.
Place of publication, distribution, etc. London
Name of publisher, distributor, etc. Rating and Valuation Association
Date of publication, distribution, etc. 1981
300 ## - PHYSICAL DESCRIPTION
Extent 77p. ; 21cm,
350 ## - PRICE (NR) (BK AM CF MU VM SE) [OBSOLETE]
Price 0
942 ## - ADDED ENTRY ELEMENTS (KOHA)
Suppress in OPAC 0
948 ## - LOCAL PROCESSING INFORMATION (OCLC); SERIES PART DESIGNATOR (RLIN)
c (OCLC) 04/03/1997
Holdings
Withdrawn status Lost status Source of classification or shelving scheme Damaged status Not for loan Home library Current library Shelving location Date acquired Total Checkouts Full call number Barcode Date last seen Copy number Price effective from Koha item type
    Dewey Decimal Classification     London London Basement 09/08/1991   SHELF 322 30007281 06/08/2019 1 06/08/2019 Book